Vo väčšine štátov CEFTA sa spomaľuje hospodársky i cenový rast a klesá nezamestnanosť
Základné národohospodárske charakteristiky a hospodársky rast krajín CEFTA. Závery z porovnávacej správy týkajúcej sa miery nezamestnanosti. Medziročný rast HDP v krajinách CEFTA v r. 1995 a 1996. Zmiernenie inflačných tlakov. Deficit a zvyšovanie dovozov.
Gespeichert in:
| 1. Verfasser: | |
|---|---|
| Format: | Buchkapitel |
| Sprache: | Slowakisch |
| Schlagworte: | |
| Tags: |
Keine Tags, Fügen Sie das erste Tag hinzu!
|
MARC
| LEADER | 00000naa a2200000 4500 | ||
|---|---|---|---|
| 001 | r026893 | ||
| 005 | 20230921081113.7 | ||
| 041 | 0 | |a slo | |
| 044 | |a SK | ||
| 245 | 1 | 0 | |a Vo väčšine štátov CEFTA sa spomaľuje hospodársky i cenový rast a klesá nezamestnanosť |c P. Švec |
| 520 | |a Základné národohospodárske charakteristiky a hospodársky rast krajín CEFTA. Závery z porovnávacej správy týkajúcej sa miery nezamestnanosti. Medziročný rast HDP v krajinách CEFTA v r. 1995 a 1996. Zmiernenie inflačných tlakov. Deficit a zvyšovanie dovozov. | ||
| 610 | 2 | 0 | |a situácia hospodárska |
| 610 | 2 | 0 | |a CEFTA |
| 610 | 2 | 0 | |a produkt domáci hrubý |
| 610 | 2 | 0 | |a inflácia |
| 610 | 2 | 0 | |a dovoz |
| 610 | 2 | 0 | |a nezamestnanosť |
| 100 | 1 | |a Švec, P. | |